ბათუმის შოთა რუსთაველის სახელმწიფო უნივერსიტეტის ბიბლიოთეკა

ციყვი-სკუპია (ბიბ.ჩანაწერი № 48786)

000 -LEADER
fixed length control field 00870nam a2200229Ia 4500
001 - CONTROL NUMBER
control field 15688
003 - CONTROL NUMBER IDENTIFIER
control field GE_BSU
008 - FIXED-LENGTH DATA ELEMENTS--GENERAL INFORMATION
fixed length control field 181216s||||||||xx |||||||||||||| ||und||
040 ## - CATALOGING SOURCE
Transcribing agency GE_BSU
080 ## - UNIVERSAL DECIMAL CLASSIFICATION NUMBER
Universal Decimal Classification number 82-93
100 ## - MAIN ENTRY--PERSONAL NAME
Personal name ჩაჩუა, ანა
245 ## - TITLE STATEMENT
Title ციყვი-სკუპია
245 ## - TITLE STATEMENT
Remainder of title ზღაპარი-მოთხრობა. უმცრ. სასკოლო ასაკის ბავშვებისათვის
245 ## - TITLE STATEMENT
Statement of responsibility, etc. თარგმნა ნ. მალაზონია ; ილ.: ო. ჩაჩუა-სელეზნიოვა.
260 ## - PUBLICATION, DISTRIBUTION, ETC.
Place of publication, distribution, etc. ბათუმი
260 ## - PUBLICATION, DISTRIBUTION, ETC.
Name of publisher, distributor, etc. საბჭ. აჭარა
260 ## - PUBLICATION, DISTRIBUTION, ETC.
Date of publication, distribution, etc. 1971
300 ## - PHYSICAL DESCRIPTION
Extent 29გვ. : 6 ფ. ილ. ; 21სმ
653 ## - INDEX TERM--UNCONTROLLED
Uncontrolled term ზღაპარი-მოთხრობა
653 ## - INDEX TERM--UNCONTROLLED
Uncontrolled term ციყვი-სკუპია
942 ## - ADDED ENTRY ELEMENTS (KOHA)
Koha item type წიგნი
ეგზემპლარები
Withdrawn status Lost status Damaged status Not for loan Date acquired Barcode Date last seen Price effective from Koha item type
        2018-12-17 38654 2018-12-17 2018-12-17 წიგნი
        2018-12-17 38655 2018-12-17 2018-12-17 წიგნი